Most abundant elements on earth - Statistics

General Stats
  • This quiz has been taken 18 times
  • The average score is 7 of 11
Answer Stats
Hint Answer % Correct
46.1% Oxygen
100%
0.1% Hydrogen
94%
2.1% Potassium
83%
5.6% Iron
78%
2.3% Magnesium
72%
2.4% Sodium
72%
4.2% Calcium
67%
8.2% Aluminum
56%
28.2% Silicon
56%
0.6% Titanium
33%
0.2% Other
0%
No matching quizzes found
Score Distribution
Percent of People with Each Score
Percentile by Number Answered
Your Score History
You have not taken this quiz